000
00255nam a2200097Ia 4500
001
719736
005
20250826163049.0
008
250824s9999 xx 000 0 und d
245
0
_a
PEKİN DEN GELEN ADAM
_c
HENNING MANKELL
260
_b
ALTIN KİTAPLAR YAYINLARI
999
_c
719736
_d
719736